| 000 | 00491nam a22001697a 4500 | ||
|---|---|---|---|
| 003 | NUST-PNEC | ||
| 005 | 20170116180657.0 | ||
| 008 | 140904b xxu||||| |||| 00| 0 eng d | ||
| 040 | _cPNEC | ||
| 082 | _a519.5 VIR | ||
| 100 |
_9266 _aMs. Saleha Naghmi |
||
| 245 |
_aStatistics and Probability STA 301 (Lecture Notes) _cVirtual University of Pakistan |
||
| 260 |
_aLahore _bVirtual University of Pakistan _cc.2012 |
||
| 300 |
_a338p. : _bill. : _c26 cm. |
||
| 650 | _xME, MIS | ||
| 942 |
_2ddc _cBK |
||
| 999 |
_c60437 _d60437 |
||